LAS ORGANIZACIONES OBRERAS DE ESTADOS UNIDOS Y MEXICO: HISTORIA DE SUS RELACIONES/

TRADUCCION DE: LABOR ORGANIZATIONS IN THE UNITED STATES AND MEXICO. A HISTORY OF THEIR RELATIONS.

保存先:
書誌詳細
第一著者: Levenstein, Harvey A. (autor)
フォーマット: 図書
シリーズ:NORTE Y SUR
主題:
タグ: タグ追加
タグなし, このレコードへの初めてのタグを付けませんか!

MARC

LEADER 00000nam^a2200000^a^4500
001 000224674
005 20250521000000.0
009 20260310104058.869
020 |a 968-57-0041-9 
035 |a 025898 
037 |a Acervo Xavier Clavigero 
082 |a 331. 88 LEV 
100 |a Levenstein, Harvey A.  |e (autor) 
245 1 4 |a LAS ORGANIZACIONES OBRERAS DE ESTADOS UNIDOS Y MEXICO:  |b HISTORIA DE SUS RELACIONES/  |c HARVEY A. LEVENSTEIN; TR. MARCO ANTONIO SILVA 
264 |a Guadalajara, México :  |b Universidad de Guadalajara,  |c 1980 
300 |a 318p. 2ej. :  |b retrs. 
336 |a texto  |b txt  |2 rdacontenido 
337 |a sin mediación  |b n  |2 rdamedio 
338 |a volumen  |b nc  |2 rdasoporte 
440 |a NORTE Y SUR 
520 |a TRADUCCION DE: LABOR ORGANIZATIONS IN THE UNITED STATES AND MEXICO. A HISTORY OF THEIR RELATIONS. 
520 |a INCLUYE BIBLIOGRAFIA 
649 |a XX 
650 |a SINDICATOS -  |x E.U.A. -  |x HISTORIA 
650 |a SINDICATOS -  |x MEXICO -  |x HISTORIA 
910 |a Fondo General 
920 |a Impresos - Libros 
930 |a Colección General 
905 |a 101 
901 |a 025898  |b IT1  |c ACC  |i 025898  |u 20250521 
901 |a 043734  |b IT1  |c ACC  |i 043734  |u 20250521 
902 |a https://opac.biblio.iteso.mx/vufind/Record/000224674